<?xml version="1.0" encoding="UTF-8"?>
<record
    xmlns:xsi="http://www.w3.org/2001/XMLSchema-instance"
    xsi:schemaLocation="http://www.loc.gov/MARC21/slim http://www.loc.gov/standards/marcxml/schema/MARC21slim.xsd"
    xmlns="http://www.loc.gov/MARC21/slim">

  <leader>01507mam a2200301ua 4500</leader>
  <controlfield tag="001">2329384</controlfield>
  <controlfield tag="005">20220326193327.0</controlfield>
  <controlfield tag="008">981119s1998    sp a     bc   000 0dspa d</controlfield>
  <datafield tag="020" ind1=" " ind2=" ">
    <subfield code="a">8488786204</subfield>
  </datafield>
  <datafield tag="035" ind1=" " ind2=" ">
    <subfield code="a">(OCoLC)ocm40729469</subfield>
  </datafield>
  <datafield tag="035" ind1=" " ind2=" ">
    <subfield code="a">(NNC)2329384</subfield>
  </datafield>
  <datafield tag="040" ind1=" " ind2=" ">
    <subfield code="a">NUI</subfield>
    <subfield code="c">NUI</subfield>
  </datafield>
  <datafield tag="041" ind1="0" ind2=" ">
    <subfield code="a">spaeng</subfield>
  </datafield>
  <datafield tag="082" ind1=" " ind2=" ">
    <subfield code="a">708</subfield>
    <subfield code="b">F981l</subfield>
  </datafield>
  <datafield tag="100" ind1="1" ind2=" ">
    <subfield code="a">Clark, Lygia,</subfield>
    <subfield code="d">1920-1988.</subfield>
    <subfield code="9">2909</subfield>
  </datafield>
  <datafield tag="245" ind1="1" ind2="0">
    <subfield code="a">Lygia Clark /</subfield>
    <subfield code="c">[direcci&#xF3;n del proyecto, Manuel J. Borja-Villel].</subfield>
  </datafield>
  <datafield tag="260" ind1=" " ind2=" ">
    <subfield code="a">Barcelona :</subfield>
    <subfield code="b">Fundaci&#xF3; Antoni T&#xE0;pies,</subfield>
    <subfield code="c">c1998.</subfield>
  </datafield>
  <datafield tag="300" ind1=" " ind2=" ">
    <subfield code="a">362 p. :</subfield>
    <subfield code="b">ill. (some col.) ;</subfield>
    <subfield code="c">29 cm.</subfield>
  </datafield>
  <datafield tag="500" ind1=" " ind2=" ">
    <subfield code="a">Catalog of an exhibition at the Fundaci&#xF3; Antoni T&#xE0;pies, Oct. 21-Dec. 21, 1997 and at three other museums through Sept. 27, 1998.</subfield>
  </datafield>
  <datafield tag="504" ind1=" " ind2=" ">
    <subfield code="a">Includes bibliographical references (p. 359-362).</subfield>
  </datafield>
  <datafield tag="505" ind1=" " ind2=" ">
    <subfield code="t">Introduccion</subfield>
    <subfield code="r">Manuel Borja -Villel </subfield>
    <subfield code="t">Lygia Clarck: Seis celulas </subfield>
    <subfield code="r">Guy Brett</subfield>
    <subfield code="t"> Lygia Clarck</subfield>
    <subfield code="r">Paulo Herkenhoff</subfield>
    <subfield code="t">La trayectoria de Lygia Clark </subfield>
    <subfield code="r">Ferreira Gullar </subfield>
    <subfield code="t">Neoconcreto</subfield>
    <subfield code="t">Bichos </subfield>
    <subfield code="t">Caminado</subfield>
    <subfield code="t">Nostalgia del cuerpo</subfield>
    <subfield code="t">La casa del cuerpo </subfield>
    <subfield code="t">El hombre, estructura viva de una arquitectura biologica y celular </subfield>
    <subfield code="t">Pensamiento Mudo </subfield>
    <subfield code="t">Fantasmatica del cuerpo </subfield>
    <subfield code="t">Estructuracion del self </subfield>
    <subfield code="t">El hibrido de Lygia Clarck</subfield>
    <subfield code="r">Suely Rolnik</subfield>
    <subfield code="t">Biografia </subfield>
    <subfield code="t">Bibliografia</subfield>
  </datafield>
  <datafield tag="546" ind1=" " ind2=" ">
    <subfield code="a">Spanish and English.</subfield>
  </datafield>
  <datafield tag="600" ind1="1" ind2="0">
    <subfield code="a">Clark, Lygia,</subfield>
    <subfield code="d">1920-1988</subfield>
    <subfield code="v">Exhibitions.</subfield>
    <subfield code="9">2910</subfield>
  </datafield>
  <datafield tag="650" ind1=" " ind2=" ">
    <subfield code="a">Arte concreto</subfield>
    <subfield code="y">Arte moderno</subfield>
    <subfield code="z">Brazil</subfield>
    <subfield code="9">2911</subfield>
  </datafield>
  <datafield tag="700" ind1="1" ind2=" ">
    <subfield code="a">Borja-Villel, Manuel J.</subfield>
    <subfield code="9">1906</subfield>
  </datafield>
  <datafield tag="710" ind1="2" ind2=" ">
    <subfield code="a">Fundaci&#xF3; Antoni T&#xE0;pies.</subfield>
    <subfield code="9">2912</subfield>
  </datafield>
  <datafield tag="999" ind1=" " ind2=" ">
    <subfield code="c">650</subfield>
    <subfield code="d">650</subfield>
  </datafield>
  <datafield tag="952" ind1=" " ind2=" ">
    <subfield code="0">0</subfield>
    <subfield code="1">0</subfield>
    <subfield code="2">ddc</subfield>
    <subfield code="4">0</subfield>
    <subfield code="7">0</subfield>
    <subfield code="a">LV</subfield>
    <subfield code="b">LV</subfield>
    <subfield code="c">Monograf&#xED;as</subfield>
    <subfield code="d">2015-06-03</subfield>
    <subfield code="l">0</subfield>
    <subfield code="o">708 F981l</subfield>
    <subfield code="p">000688</subfield>
    <subfield code="r">2015-06-03 00:00:00</subfield>
    <subfield code="w">2015-06-03</subfield>
    <subfield code="y">01</subfield>
  </datafield>
</record>
